Bài tập hoá học đại cương : (Tự luận và trắc nghiệm)

Na minha lista:
Detalhes bibliográficos
Formato: Livro
Idioma:Undetermined
Publicado em: Thành Phố Hồ Chí Minh Đại học Quốc gia Thành Phố Hồ Chí Minh 2003
Assuntos:
Tags: Adicionar Tag
Sem tags, seja o primeiro a adicionar uma tag!
Thư viện lưu trữ: Trung tâm Học liệu Trường Đại học Cần Thơ
LEADER 00757nam a2200205Ia 4500
001 CTU_128026
008 210402s9999 xx 000 0 und d
020 |c 25000 
082 |a 541.076 
082 |b B103 
245 0 |a Bài tập hoá học đại cương : 
245 0 |b (Tự luận và trắc nghiệm) 
245 0 |c Nguyễn Đức Chung (biên soạn) 
260 |a Thành Phố Hồ Chí Minh 
260 |b Đại học Quốc gia Thành Phố Hồ Chí Minh 
260 |c 2003 
650 |a Chemistry, physical and theoretical,Hóa học vật lý và lý thuyết 
650 |x Problems, exercises, etc.,Bài tập 
904 |i Tuyến 
980 |a Trung tâm Học liệu Trường Đại học Cần Thơ